[Event "DEM U16w 2021"]
[Site "Willingen GER"]
[Date "2021.08.24"]
[Round "3"]
[White "Derling, Charlotte"]
[Black "Petersen, Sophie"]
[Result "0-1"]
[Termination "normal"]
[Board "10"]
[WhiteElo "1432"]
[BlackElo "1515"]
[WhiteClock "00:00:33"]
[BlackClock "00:10:44"]
[PlyCount "72"]
[WhiteFideId "16222237"]
[BlackFideId "16229380"]
[EventCountry "GER"]
[EventRounds "9"]
[EventType "swiss"]
[EventDate "2021.08.22"]

1. e4 {[%clk 1:30:55]} c5 {[%clk 1:30:51]} 2. Nf3 {[%clk 1:31:16]} d6 {[%clk
1:31:12]} 3. d4 {[%clk 1:31:29]} cxd4 {[%clk 1:31:36]} 4. Nxd4 {[%clk 1:31:52]}
Nf6 {[%clk 1:31:59]} 5. Nc3 {[%clk 1:32:10]} a6 {[%clk 1:32:18]} 6. Qf3 {[%clk
1:31:41]} Nbd7 {[%clk 1:26:43]} 7. h3 {[%clk 1:31:03]} Ne5 {[%clk 1:23:31]} 8.
Qg3 {[%clk 1:23:18]} g6 {[%clk 1:17:14]} 9. Be3 {[%clk 1:15:25]} Qc7 {[%clk
1:12:19]} 10. f4 {[%clk 1:06:48]} Ned7 {[%clk 1:06:55]} 11. Bd3 {[%clk
1:01:36]} b5 {[%clk 0:58:16]} 12. a3 {[%clk 0:54:59]} Bb7 {[%clk 0:55:48]} 13.
O-O {[%clk 0:48:22]} Nh5 {[%clk 0:44:44]} 14. Qf3 {[%clk 0:44:17]} Bg7 {[%clk
0:40:30]} 15. Nd5 {[%clk 0:34:57]} Qd8 {[%clk 0:37:40]} 16. Rac1 {[%clk
0:21:21]} O-O {[%clk 0:34:04]} 17. g4 {[%clk 0:18:47]} Nhf6 {[%clk 0:31:51]}
18. Nxf6+ {[%clk 0:16:07]} Bxf6 {[%clk 0:30:00]} 19. Qg3 {[%clk 0:12:53]} e5
{[%clk 0:25:39]} 20. fxe5 {[%clk 0:10:44]} Bxe5 {[%clk 0:23:03]} 21. Qf2 {[%clk
0:09:26]} Nc5 {[%clk 0:21:50]} 22. Bh6 {[%clk 0:08:00]} Bg7 {[%clk 0:21:39]}
23. Bxg7 {[%clk 0:08:14]} Kxg7 {[%clk 0:21:53]} 24. Rce1 {[%clk 0:08:04]} Qe7
{[%clk 0:21:37]} 25. Nf3 {[%clk 0:05:41]} Nd7 {[%clk 0:19:41]} 26. Qd4+ {[%clk
0:04:53]} Ne5 {[%clk 0:18:00]} 27. c4 {[%clk 0:04:11]} bxc4 {[%clk 0:17:09]}
28. Bxc4 {[%clk 0:04:32]} Rac8 {[%clk 0:16:28]} 29. Nxe5 {[%clk 0:04:15]} dxe5
{[%clk 0:15:44]} 30. Qd3 {[%clk 0:04:11]} Qc5+ {[%clk 0:15:17]} 31. Kg2 {[%clk
0:01:40]} Qxc4 {[%clk 0:15:34]} 32. Qe3 {[%clk 0:01:13]} Rcd8 {[%clk 0:13:44]}
33. h4 {[%clk 0:00:41]} Rd3 {[%clk 0:13:11]} 34. Qe2 {[%clk 0:00:46]} Qb3
{[%clk 0:12:48]} 35. Qf2 {[%clk 0:00:42]} f5 {[%clk 0:11:25]} 36. h5 {[%clk
0:00:33]} f4 {[%clk 0:10:44]} 0-1

[Event "DEM U16w 2021"]
[Site "Willingen GER"]
[Date "2021.08.24"]
[Round "3"]
[White "Krause, Ricarda Sophie"]
[Black "Jacobasch, Ronja"]
[Result "1/2-1/2"]
[Termination "normal"]
[Board "11"]
[WhiteElo "1474"]
[BlackElo "1421"]
[WhiteClock "00:25:22"]
[BlackClock "00:10:29"]
[PlyCount "114"]
[WhiteFideId "16282930"]
[BlackFideId "34604340"]
[EventCountry "GER"]
[EventRounds "9"]
[EventType "swiss"]
[EventDate "2021.08.22"]

1. e4 {[%clk 1:30:57]} d6 {[%clk 1:30:56]} 2. d4 {[%clk 1:31:22]} Nf6 {[%clk
1:31:17]} 3. Nc3 {[%clk 1:31:41]} g6 {[%clk 1:31:30]} 4. Be3 {[%clk 1:31:41]}
Bg7 {[%clk 1:31:44]} 5. Qd2 {[%clk 1:30:56]} O-O {[%clk 1:31:36]} 6. Bh6 {[%clk
1:18:15]} c6 {[%clk 1:26:26]} 7. Nf3 {[%clk 1:16:59]} b5 {[%clk 1:15:57]} 8.
Bxg7 {[%clk 1:10:48]} Kxg7 {[%clk 1:16:25]} 9. Bd3 {[%clk 1:10:38]} Bg4 {[%clk
1:09:29]} 10. Qf4 {[%clk 0:55:58]} Qb6 {[%clk 0:53:07]} 11. e5 {[%clk 0:49:18]}
Bxf3 {[%clk 0:51:31]} 12. exf6+ {[%clk 0:47:15]} exf6 {[%clk 0:51:56]} 13. Qxf3
{[%clk 0:43:25]} Re8+ {[%clk 0:50:03]} 14. Ne2 {[%clk 0:27:17]} Qxd4 {[%clk
0:49:23]} 15. Rb1 {[%clk 0:26:33]} Qa4 {[%clk 0:43:59]} 16. a3 {[%clk 0:25:15]}
b4 {[%clk 0:38:57]} 17. axb4 {[%clk 0:21:17]} Qxb4+ {[%clk 0:37:44]} 18. c3
{[%clk 0:21:41]} Qc5 {[%clk 0:35:33]} 19. O-O {[%clk 0:21:18]} Nd7 {[%clk
0:35:21]} 20. Nd4 {[%clk 0:16:55]} Ne5 {[%clk 0:32:37]} 21. Qd1 {[%clk
0:16:58]} Qd5 {[%clk 0:30:08]} 22. Bc2 {[%clk 0:14:23]} Nd7 {[%clk 0:18:57]}
23. Ba4 {[%clk 0:13:00]} Ne5 24. Nxc6 {[%clk 0:11:55]} Qc5 {[%clk 0:11:57]} 25.
Nxe5 {[%clk 0:11:54]} Rxe5 {[%clk 0:12:18]} 26. Bc2 {[%clk 0:11:18]} Rh5 {[%clk
0:11:10]} 27. h3 {[%clk 0:10:53]} Rg5 {[%clk 0:11:10]} 28. Be4 {[%clk 0:10:21]}
Re8 {[%clk 0:10:40]} 29. Bf3 {[%clk 0:10:48]} Qf5 {[%clk 0:09:41]} 30. Bg4
{[%clk 0:10:25]} Qc5 {[%clk 0:07:40]} 31. Re1 {[%clk 0:10:29]} Rf8 {[%clk
0:06:55]} 32. Re7 {[%clk 0:09:49]} h5 {[%clk 0:05:08]} 33. Bf3 {[%clk 0:09:31]}
Qf5 {[%clk 0:04:56]} 34. Rxa7 {[%clk 0:07:06]} Qxh3 {[%clk 0:04:11]} 35. Ra3
{[%clk 0:03:53]} Qf5 {[%clk 0:04:23]} 36. c4 {[%clk 0:03:50]} Rc8 {[%clk
0:03:43]} 37. Rba1 {[%clk 0:02:52]} Rxc4 {[%clk 0:02:39]} 38. Qxd6 {[%clk
0:02:47]} Rc8 {[%clk 0:01:23]} 39. Qd3 {[%clk 0:02:50]} Qf4 {[%clk 0:00:41]}
40. Qe3 {[%clk 0:02:00]} Qf5 {[%clk 0:00:35]} 41. Ra5 {[%clk 0:01:43]} Qxa5
{[%clk 0:29:26]} 42. Rxa5 {[%clk 0:32:09]} Rxa5 {[%clk 0:29:54]} 43. Qb6 {[%clk
0:32:10]} Re5 {[%clk 0:28:36]} 44. Qb7 {[%clk 0:31:02]} Ree8 {[%clk 0:27:52]}
45. Bd5 {[%clk 0:30:48]} Rf8 {[%clk 0:27:42]} 46. b4 {[%clk 0:30:12]} Rb8
{[%clk 0:26:31]} 47. Qe7 {[%clk 0:30:31]} Rbd8 {[%clk 0:24:45]} 48. Bc6 {[%clk
0:29:16]} Rc8 {[%clk 0:21:56]} 49. b5 {[%clk 0:29:06]} Rb8 {[%clk 0:22:04]} 50.
Qc5 {[%clk 0:25:29]} Rfd8 {[%clk 0:19:05]} 51. b6 {[%clk 0:24:46]} Rd1+ {[%clk
0:12:32]} 52. Kh2 {[%clk 0:25:07]} Rb1 {[%clk 0:12:27]} 53. b7 {[%clk 0:25:14]}
R1xb7 {[%clk 0:12:32]} 54. Bxb7 {[%clk 0:25:37]} Rxb7 {[%clk 0:12:58]} 55. Qc8
{[%clk 0:25:27]} Rb2 {[%clk 0:12:27]} 56. f3 {[%clk 0:25:34]} Ra2 {[%clk
0:11:46]} 57. Qc4 {[%clk 0:25:22]} Ra5 {[%clk 0:10:29]} 1/2-1/2

[Event "DEM U16w 2021"]
[Site "Willingen GER"]
[Date "2021.08.25"]
[Round "4"]
[White "Dietz, Kristin"]
[Black "Yue, Qizhou"]
[Result "1/2-1/2"]
[Termination "normal"]
[Board "1"]
[WhiteElo "1933"]
[BlackElo "1798"]
[WhiteClock "00:32:22"]
[BlackClock "00:19:50"]
[PlyCount "119"]
[WhiteFideId "12993743"]
[BlackFideId "16273800"]
[EventCountry "GER"]
[EventRounds "9"]
[EventType "swiss"]
[EventDate "2021.08.22"]

1. e4 {[%clk 1:30:59]} c5 {[%clk 1:30:51]} 2. Nf3 {[%clk 1:31:25]} e6 {[%clk
1:31:15]} 3. d4 {[%clk 1:31:51]} cxd4 {[%clk 1:31:39]} 4. Nxd4 {[%clk 1:32:17]}
a6 {[%clk 1:32:03]} 5. Nc3 {[%clk 1:32:39]} Qc7 {[%clk 1:32:18]} 6. Bd3 {[%clk
1:32:54]} Nc6 {[%clk 1:31:07]} 7. Nb3 {[%clk 1:18:51]} Nf6 {[%clk 1:27:24]} 8.
f4 {[%clk 1:18:40]} d6 {[%clk 1:15:56]} 9. Be3 {[%clk 1:17:24]} b5 {[%clk
1:10:55]} 10. Qf3 {[%clk 1:17:00]} Bb7 {[%clk 1:10:10]} 11. g4 {[%clk 1:15:37]}
Be7 {[%clk 1:06:36]} 12. O-O-O {[%clk 1:15:40]} Rc8 {[%clk 0:59:24]} 13. Kb1
{[%clk 1:15:15]} Nd7 {[%clk 0:52:58]} 14. g5 {[%clk 1:14:11]} Nc5 {[%clk
0:49:32]} 15. Rc1 {[%clk 1:06:11]} Na5 {[%clk 0:33:58]} 16. Bd4 {[%clk
0:59:55]} e5 {[%clk 0:30:31]} 17. Bf2 {[%clk 0:46:41]} Nc4 {[%clk 0:27:05]} 18.
Bxc4 {[%clk 0:45:20]} bxc4 {[%clk 0:27:10]} 19. Nxc5 {[%clk 0:45:40]} dxc5
{[%clk 0:27:26]} 20. Bg3 {[%clk 0:43:24]} exf4 {[%clk 0:24:05]} 21. Bxf4 {[%clk
0:43:18]} Bd6 {[%clk 0:24:11]} 22. Bxd6 {[%clk 0:43:13]} Qxd6 {[%clk 0:24:35]}
23. Rcd1 {[%clk 0:43:22]} Qe5 {[%clk 0:20:47]} 24. h4 {[%clk 0:42:02]} O-O
{[%clk 0:19:57]} 25. Nd5 {[%clk 0:41:26]} Rb8 {[%clk 0:17:23]} 26. c3 {[%clk
0:41:13]} Rfd8 {[%clk 0:16:51]} 27. Rhf1 {[%clk 0:40:35]} Qe6 {[%clk 0:16:20]}
28. h5 {[%clk 0:39:00]} Re8 {[%clk 0:14:23]} 29. Rfe1 {[%clk 0:38:44]} Bxd5
{[%clk 0:13:42]} 30. exd5 {[%clk 0:38:33]} Qxe1 {[%clk 0:13:58]} 31. Rxe1
{[%clk 0:38:48]} Rxe1+ {[%clk 0:14:23]} 32. Kc2 {[%clk 0:39:16]} Rbe8 {[%clk
0:14:41]} 33. Kd2 {[%clk 0:39:38]} Rb1 {[%clk 0:12:17]} 34. Kc2 {[%clk
0:32:23]} Rbe1 {[%clk 0:12:15]} 35. Kd2 {[%clk 0:31:58]} Rb1 36. d6 {[%clk
0:23:37]} Rxb2+ {[%clk 0:12:16]} 37. Kd1 {[%clk 0:24:01]} Rb6 {[%clk 0:11:00]}
38. Qd5 {[%clk 0:23:42]} Rd8 {[%clk 0:09:55]} 39. d7 {[%clk 0:24:03]} Re6
{[%clk 0:08:55]} 40. Kc2 {[%clk 0:22:28]} Re2+ {[%clk 0:08:10]} 41. Kc1 {[%clk
0:22:12]} Re7 {[%clk 0:05:16]} 42. g6 {[%clk 0:22:15]} hxg6 {[%clk 0:04:13]}
43. hxg6 {[%clk 0:22:42]} Rexd7 {[%clk 0:04:13]} 44. gxf7+ {[%clk 0:23:02]} Kf8
{[%clk 0:04:17]} 45. Qxc5+ {[%clk 0:23:24]} Kxf7 {[%clk 0:03:46]} 46. Qxc4+
{[%clk 0:23:49]} Kf6 {[%clk 0:27:30]} 47. Qxa6+ {[%clk 0:54:08]} Kf5 {[%clk
0:27:44]} 48. Qf1+ {[%clk 0:54:07]} Ke4 {[%clk 0:27:10]} 49. Qc4+ {[%clk
0:53:29]} Kf3 {[%clk 0:26:45]} 50. Qc6+ {[%clk 0:53:26]} Kf4 {[%clk 0:27:00]}
51. Qg6 {[%clk 0:53:25]} Rd1+ {[%clk 0:25:11]} 52. Kc2 R8d7 {[%clk 0:24:50]}
53. a4 {[%clk 0:41:00]} R1d6 {[%clk 0:24:52]} 54. Qg2 {[%clk 0:39:43]} g5
{[%clk 0:23:34]} 55. a5 {[%clk 0:39:57]} g4 {[%clk 0:21:22]} 56. Qf2+ {[%clk
0:38:39]} Kg5 {[%clk 0:20:27]} 57. c4 {[%clk 0:36:58]} Ra6 {[%clk 0:20:06]} 58.
Qe3+ {[%clk 0:34:42]} Kh4 {[%clk 0:19:38]} 59. Qf2+ {[%clk 0:32:07]} Kg5 {[%clk
0:19:50]} 60. Qe3+ {[%clk 0:32:22]} 1/2-1/2

[Event "DEM U16w 2021"]
[Site "Willingen GER"]
[Date "2021.08.25"]
[Round "4"]
[White "Werner, Rosalie"]
[Black "Heutling, Elina"]
[Result "0-1"]
[Termination "normal"]
[Board "2"]
[WhiteElo "1741"]
[BlackElo "1919"]
[WhiteClock "00:35:42"]
[BlackClock "00:56:08"]
[PlyCount "32"]
[WhiteFideId "16223748"]
[BlackFideId "16244729"]
[EventCountry "GER"]
[EventRounds "9"]
[EventType "swiss"]
[EventDate "2021.08.22"]

1. e4 {[%clk 1:30:57]} d5 {[%clk 1:30:50]} 2. exd5 {[%clk 1:31:20]} Qxd5 {[%clk
1:31:14]} 3. d4 {[%clk 1:31:16]} Nc6 {[%clk 1:30:53]} 4. Nf3 {[%clk 1:31:13]}
Bg4 {[%clk 1:29:33]} 5. Be2 {[%clk 1:31:36]} O-O-O {[%clk 1:29:53]} 6. c4
{[%clk 1:28:50]} Qf5 {[%clk 1:28:04]} 7. h3 {[%clk 1:18:00]} Bxf3 {[%clk
1:24:19]} 8. Bxf3 {[%clk 1:18:16]} Qe6+ {[%clk 1:23:49]} 9. Qe2 {[%clk
1:00:15]} Qxe2+ {[%clk 1:18:52]} 10. Bxe2 {[%clk 1:00:34]} Nxd4 {[%clk
1:18:46]} 11. Bd1 {[%clk 0:55:56]} g6 {[%clk 1:10:06]} 12. Nc3 {[%clk 0:53:18]}
Bg7 {[%clk 1:05:14]} 13. O-O {[%clk 0:51:42]} Nf6 {[%clk 1:04:34]} 14. Be3
{[%clk 0:48:05]} c6 {[%clk 1:01:12]} 15. Re1 {[%clk 0:46:11]} Rhe8 {[%clk
1:00:17]} 16. Be2 {[%clk 0:35:42]} Nc2 {[%clk 0:56:08]} 0-1

[Event "DEM U16w 2021"]
[Site "Willingen GER"]
[Date "2021.08.25"]
[Round "4"]
[White "Reuter, Elisa"]
[Black "Buchholz, Maja"]
[Result "1-0"]
[Termination "normal"]
[Board "3"]
[WhiteTitle "WCM"]
[WhiteElo "1845"]
[BlackElo "1720"]
[WhiteClock "00:06:07"]
[BlackClock "00:03:04"]
[PlyCount "159"]
[WhiteFideId "12995444"]
[BlackFideId "16200500"]
[EventCountry "GER"]
[EventRounds "9"]
[EventType "swiss"]
[EventDate "2021.08.22"]

1. e4 {[%clk 1:30:59]} e6 {[%clk 1:30:53]} 2. d4 {[%clk 1:31:25]} d5 {[%clk
1:31:16]} 3. Nc3 {[%clk 1:31:53]} Nf6 {[%clk 1:31:40]} 4. Bg5 {[%clk 1:32:18]}
Be7 {[%clk 1:32:02]} 5. e5 {[%clk 1:32:40]} Nfd7 {[%clk 1:32:26]} 6. h4 {[%clk
1:33:03]} Bxg5 {[%clk 1:32:42]} 7. hxg5 {[%clk 1:33:26]} Qxg5 {[%clk 1:33:02]}
8. Nh3 {[%clk 1:33:03]} Qh4 {[%clk 1:33:18]} 9. g3 {[%clk 1:31:11]} Qe7 {[%clk
1:33:35]} 10. Qg4 {[%clk 1:30:26]} g6 {[%clk 1:33:27]} 11. O-O-O {[%clk
1:26:14]} Nc6 {[%clk 1:32:22]} 12. Nf4 {[%clk 1:18:46]} Nf8 {[%clk 1:28:09]}
13. Bb5 {[%clk 1:13:33]} Bd7 {[%clk 1:26:14]} 14. Bxc6 {[%clk 1:12:53]} Bxc6
{[%clk 1:26:11]} 15. Rh6 {[%clk 1:09:18]} O-O-O {[%clk 1:22:29]} 16. Rdh1
{[%clk 1:06:09]} f5 {[%clk 1:05:01]} 17. exf6 {[%clk 0:57:44]} Qxf6 {[%clk
1:04:28]} 18. Nd3 {[%clk 0:57:27]} Bd7 {[%clk 0:55:29]} 19. Qf4 {[%clk
0:55:25]} Qg7 {[%clk 0:41:39]} 20. Qe5 {[%clk 0:53:32]} Qg8 {[%clk 0:36:08]}
21. Nf4 {[%clk 0:41:29]} Bc6 {[%clk 0:29:26]} 22. b4 {[%clk 0:33:02]} a6 {[%clk
0:21:44]} 23. a4 {[%clk 0:31:37]} Be8 {[%clk 0:21:02]} 24. Qe3 {[%clk 0:16:55]}
Bf7 {[%clk 0:18:57]} 25. Nd3 {[%clk 0:14:27]} Nd7 {[%clk 0:18:26]} 26. Ne5
{[%clk 0:12:03]} Qg7 {[%clk 0:16:13]} 27. Nxd7 {[%clk 0:11:36]} Rxd7 {[%clk
0:16:08]} 28. Ne2 {[%clk 0:11:02]} Re7 {[%clk 0:15:09]} 29. Qe5 {[%clk
0:10:44]} Qxe5 {[%clk 0:13:11]} 30. dxe5 {[%clk 0:11:10]} Be8 {[%clk 0:13:36]}
31. Nf4 {[%clk 0:10:37]} Kd7 {[%clk 0:05:53]} 32. Nxg6 {[%clk 0:10:08]} Bxg6
{[%clk 0:06:19]} 33. Rxg6 {[%clk 0:10:35]} Rf8 {[%clk 0:05:56]} 34. Rf6 {[%clk
0:06:26]} Rxf6 {[%clk 0:05:02]} 35. exf6 {[%clk 0:06:50]} Rf7 {[%clk 0:05:27]}
36. f4 {[%clk 0:07:10]} Kd6 {[%clk 0:04:40]} 37. Rh5 {[%clk 0:06:21]} b6 {[%clk
0:01:16]} 38. Kd2 {[%clk 0:05:37]} a5 {[%clk 0:01:12]} 39. b5 {[%clk 0:03:56]}
c6 {[%clk 0:01:16]} 40. bxc6 {[%clk 0:04:09]} Kxc6 {[%clk 0:01:37]} 41. Rh6
{[%clk 0:27:37]} b5 {[%clk 0:28:51]} 42. axb5+ {[%clk 0:28:01]} Kxb5 {[%clk
0:29:17]} 43. g4 {[%clk 0:28:13]} Kb4 {[%clk 0:27:18]} 44. g5 {[%clk 0:27:24]}
a4 {[%clk 0:22:11]} 45. Rxh7 {[%clk 0:21:57]} Rxh7 {[%clk 0:21:56]} 46. g6
{[%clk 0:22:23]} a3 {[%clk 0:16:30]} 47. gxh7 {[%clk 0:22:45]} a2 {[%clk
0:16:54]} 48. h8=Q {[%clk 0:23:08]} a1=Q {[%clk 0:17:16]} 49. Qb8+ {[%clk
0:22:38]} Kc5 {[%clk 0:16:46]} 50. Qc7+ {[%clk 0:21:58]} Kb5 {[%clk 0:16:44]}
51. Qd7+ {[%clk 0:15:41]} Kc5 {[%clk 0:14:31]} 52. Qc7+ {[%clk 0:14:48]} Kb5
{[%clk 0:14:38]} 53. Qe5 {[%clk 0:14:07]} Qa5+ {[%clk 0:08:15]} 54. Qc3 {[%clk
0:13:06]} Qa7 {[%clk 0:08:15]} 55. Qe3 {[%clk 0:11:27]} Qf7 {[%clk 0:05:51]}
56. Qe5 {[%clk 0:11:38]} Kc6 {[%clk 0:05:11]} 57. f5 {[%clk 0:10:37]} Kd7
{[%clk 0:04:27]} 58. fxe6+ {[%clk 0:10:52]} Qxe6 {[%clk 0:04:40]} 59. Qg5
{[%clk 0:07:18]} Qf7 {[%clk 0:04:14]} 60. Qf5+ {[%clk 0:05:36]} Kd6 {[%clk
0:04:11]} 61. Kd3 {[%clk 0:04:44]} Qg8 {[%clk 0:01:32]} 62. f7 {[%clk 0:04:21]}
Qg3+ {[%clk 0:01:46]} 63. Kd2 {[%clk 0:04:35]} Qg2+ {[%clk 0:02:06]} 64. Kc3
{[%clk 0:04:17]} Qg7+ {[%clk 0:02:19]} 65. Kb3 {[%clk 0:04:27]} Qf8 {[%clk
0:01:35]} 66. Qf6+ {[%clk 0:03:36]} Kd7 {[%clk 0:01:51]} 67. c3 {[%clk
0:02:33]} Qb8+ {[%clk 0:01:36]} 68. Kc2 {[%clk 0:02:59]} Qh2+ {[%clk 0:00:54]}
69. Kd3 {[%clk 0:03:27]} Qg3+ {[%clk 0:01:07]} 70. Kd4 {[%clk 0:03:32]} Qg4+
{[%clk 0:01:03]} 71. Kxd5 {[%clk 0:03:53]} Qd1+ {[%clk 0:00:49]} 72. Kc5 {[%clk
0:03:48]} Qh5+ {[%clk 0:00:49]} 73. Kb4 {[%clk 0:03:49]} Qg4+ {[%clk 0:00:57]}
74. Qd4+ {[%clk 0:04:05]} Qxd4+ {[%clk 0:01:19]} 75. cxd4 {[%clk 0:04:33]} Ke7
{[%clk 0:01:41]} 76. Kc5 {[%clk 0:04:57]} Kxf7 {[%clk 0:01:59]} 77. Kc6 {[%clk
0:04:52]} Ke7 {[%clk 0:02:24]} 78. d5 {[%clk 0:05:14]} Kd8 {[%clk 0:02:41]} 79.
Kd6 {[%clk 0:05:42]} Kc8 {[%clk 0:03:04]} 80. Ke7 {[%clk 0:06:07]} 1-0

[Event "DEM U16w 2021"]
[Site "Willingen GER"]
[Date "2021.08.25"]
[Round "4"]
[White "Wörz, Ann-Sophie"]
[Black "Becker, Linda"]
[Result "1/2-1/2"]
[Termination "normal"]
[Board "4"]
[WhiteElo "1563"]
[BlackElo "1674"]
[WhiteClock "00:17:05"]
[BlackClock "00:24:33"]
[PlyCount "47"]
[WhiteFideId "16265890"]
[BlackFideId "16244753"]
[EventCountry "GER"]
[EventRounds "9"]
[EventType "swiss"]
[EventDate "2021.08.22"]

1. c4 {[%clk 1:30:58]} e5 {[%clk 1:30:47]} 2. g3 {[%clk 1:31:23]} Nc6 {[%clk
1:31:00]} 3. Bg2 {[%clk 1:31:42]} f5 {[%clk 1:31:00]} 4. Nc3 {[%clk 1:31:28]}
Nf6 {[%clk 1:30:35]} 5. e3 {[%clk 1:31:07]} g6 {[%clk 1:29:45]} 6. Nge2 {[%clk
1:30:51]} Bg7 {[%clk 1:29:05]} 7. O-O {[%clk 1:30:24]} O-O {[%clk 1:28:12]} 8.
Rb1 {[%clk 1:29:37]} a5 {[%clk 1:26:18]} 9. a3 {[%clk 1:28:43]} d6 {[%clk
1:23:24]} 10. d3 {[%clk 1:22:06]} Be6 {[%clk 1:19:56]} 11. b4 {[%clk 1:17:57]}
axb4 {[%clk 1:19:45]} 12. axb4 {[%clk 1:18:25]} d5 {[%clk 1:12:52]} 13. b5
{[%clk 1:10:48]} Ne7 {[%clk 1:11:24]} 14. f4 {[%clk 1:01:55]} dxc4 {[%clk
0:52:15]} 15. fxe5 {[%clk 0:59:36]} Nfd5 {[%clk 0:51:15]} 16. d4 {[%clk
0:55:38]} Bh6 {[%clk 0:45:05]} 17. e4 {[%clk 0:38:29]} Be3+ {[%clk 0:43:30]}
18. Kh1 {[%clk 0:32:57]} Nxc3 {[%clk 0:43:18]} 19. Nxc3 {[%clk 0:32:23]} Bxd4
{[%clk 0:42:04]} 20. Na4 {[%clk 0:24:59]} Bxe5 {[%clk 0:31:27]} 21. Qxd8 {[%clk
0:23:13]} Raxd8 {[%clk 0:28:41]} 22. Bg5 {[%clk 0:21:40]} Bf6 {[%clk 0:24:11]}
23. Bxf6 {[%clk 0:17:23]} Rxf6 {[%clk 0:24:33]} 24. exf5 {[%clk 0:17:05]}
1/2-1/2

[Event "DEM U16w 2021"]
[Site "Willingen GER"]
[Date "2021.08.25"]
[Round "4"]
[White "Petersen, Sophie"]
[Black "Doll, Rebecca"]
[Result "0-1"]
[Termination "normal"]
[Board "5"]
[WhiteElo "1515"]
[BlackElo "1803"]
[WhiteClock "00:08:47"]
[BlackClock "00:18:43"]
[PlyCount "94"]
[WhiteFideId "16229380"]
[BlackFideId "16236890"]
[EventCountry "GER"]
[EventRounds "9"]
[EventType "swiss"]
[EventDate "2021.08.22"]

1. e4 {[%clk 1:30:59]} e5 {[%clk 1:30:55]} 2. Nf3 {[%clk 1:31:24]} Nc6 {[%clk
1:31:21]} 3. d4 {[%clk 1:31:48]} exd4 {[%clk 1:31:45]} 4. Nxd4 {[%clk 1:32:11]}
Nf6 {[%clk 1:32:08]} 5. Nxc6 {[%clk 1:32:31]} bxc6 {[%clk 1:31:25]} 6. Bd3
{[%clk 1:32:28]} d5 {[%clk 1:29:34]} 7. Qe2 {[%clk 1:31:44]} dxe4 {[%clk
1:16:30]} 8. Nc3 {[%clk 1:29:20]} Bb4 {[%clk 1:09:48]} 9. Bxe4 {[%clk 1:23:58]}
Nxe4 {[%clk 1:05:26]} 10. Qxe4+ {[%clk 1:22:45]} Qe7 {[%clk 1:05:46]} 11. Qxe7+
{[%clk 1:22:05]} Kxe7 {[%clk 1:03:57]} 12. Bd2 {[%clk 1:16:42]} Re8 {[%clk
0:54:11]} 13. O-O-O {[%clk 1:10:22]} Be6 {[%clk 0:49:21]} 14. a3 {[%clk
1:05:12]} Ba5 {[%clk 0:38:18]} 15. Rhe1 {[%clk 0:56:48]} Kf8 {[%clk 0:33:42]}
16. Bf4 {[%clk 0:43:22]} f6 {[%clk 0:19:53]} 17. f3 {[%clk 0:38:19]} g5 {[%clk
0:14:42]} 18. Bg3 {[%clk 0:37:22]} Bf5 {[%clk 0:13:41]} 19. b4 {[%clk 0:36:10]}
Bb6 {[%clk 0:13:32]} 20. Na4 {[%clk 0:34:11]} Be3+ {[%clk 0:08:35]} 21. Kb2
{[%clk 0:32:21]} a5 {[%clk 0:08:13]} 22. Nc3 {[%clk 0:27:01]} axb4 {[%clk
0:07:18]} 23. axb4 {[%clk 0:25:29]} Rab8 {[%clk 0:07:03]} 24. Na2 {[%clk
0:24:18]} Rb7 {[%clk 0:06:34]} 25. c3 {[%clk 0:23:39]} Kf7 {[%clk 0:05:41]} 26.
Re2 {[%clk 0:22:54]} Ra7 {[%clk 0:03:16]} 27. Rde1 {[%clk 0:15:32]} Be6 {[%clk
0:03:04]} 28. Rxe3 {[%clk 0:12:01]} Rxa2+ {[%clk 0:03:24]} 29. Kb1 {[%clk
0:11:00]} Rxg2 {[%clk 0:03:29]} 30. Bxc7 {[%clk 0:08:19]} f5 {[%clk 0:02:36]}
31. Kc1 {[%clk 0:03:51]} f4 {[%clk 0:01:52]} 32. Re5 {[%clk 0:03:12]} h6 {[%clk
0:01:38]} 33. R5e2 {[%clk 0:02:08]} Rxe2 {[%clk 0:01:59]} 34. Rxe2 {[%clk
0:02:34]} Bd5 {[%clk 0:01:42]} 35. Rxe8 {[%clk 0:02:47]} Kxe8 {[%clk 0:02:09]}
36. Bb6 {[%clk 0:02:59]} Bxf3 {[%clk 0:02:19]} 37. Bf2 {[%clk 0:03:00]} Ke7
{[%clk 0:02:42]} 38. Kd2 {[%clk 0:03:11]} Ke6 {[%clk 0:03:05]} 39. Ke1 {[%clk
0:02:50]} Kf5 {[%clk 0:03:18]} 40. Kf1 {[%clk 0:02:18]} Kg4 {[%clk 0:03:41]}
41. Kg1 {[%clk 0:02:16]} Bd5 {[%clk 0:26:24]} 42. Be1 {[%clk 0:29:06]} Kf3
{[%clk 0:24:54]} 43. Bf2 {[%clk 0:24:35]} g4 {[%clk 0:23:56]} 44. Be1 {[%clk
0:21:56]} h5 {[%clk 0:22:28]} 45. Bh4 {[%clk 0:20:00]} g3 {[%clk 0:21:18]} 46.
Bf6 {[%clk 0:12:48]} Kg4 {[%clk 0:20:06]} 47. Bd4 {[%clk 0:08:47]} Kh3 {[%clk
0:18:43]} 0-1

[Event "DEM U16w 2021"]
[Site "Willingen GER"]
[Date "2021.08.25"]
[Round "4"]
[White "Peglau, Mirjam"]
[Black "Cordes, Jule"]
[Result "1/2-1/2"]
[Termination "normal"]
[Board "6"]
[WhiteElo "1906"]
[BlackElo "1790"]
[WhiteClock "00:12:25"]
[BlackClock "00:20:17"]
[PlyCount "47"]
[WhiteFideId "16211138"]
[BlackFideId "1060708"]
[EventCountry "GER"]
[EventRounds "9"]
[EventType "swiss"]
[EventDate "2021.08.22"]

1. d4 {[%clk 1:30:57]} d5 {[%clk 1:30:51]} 2. c4 {[%clk 1:31:20]} c6 {[%clk
1:31:15]} 3. cxd5 {[%clk 1:31:44]} cxd5 {[%clk 1:31:37]} 4. Nf3 {[%clk
1:32:09]} Nc6 {[%clk 1:30:49]} 5. Nc3 {[%clk 1:32:28]} Nf6 {[%clk 1:30:54]} 6.
Bf4 {[%clk 1:29:38]} Bf5 {[%clk 1:29:40]} 7. e3 {[%clk 1:28:27]} a6 {[%clk
1:26:05]} 8. Qb3 {[%clk 1:06:40]} Na5 {[%clk 1:23:56]} 9. Qd1 {[%clk 1:03:12]}
Qb6 {[%clk 0:59:27]} 10. Qa4+ {[%clk 0:52:15]} Nc6 {[%clk 0:51:45]} 11. O-O-O
{[%clk 0:30:10]} h6 {[%clk 0:43:07]} 12. h3 {[%clk 0:26:13]} e6 {[%clk
0:39:23]} 13. g4 {[%clk 0:25:57]} Bh7 {[%clk 0:39:15]} 14. Ne5 {[%clk 0:24:59]}
Rc8 {[%clk 0:35:07]} 15. h4 {[%clk 0:22:35]} Qb4 {[%clk 0:30:42]} 16. Qxb4
{[%clk 0:17:13]} Bxb4 {[%clk 0:30:48]} 17. f3 {[%clk 0:16:48]} Nxe5 {[%clk
0:27:01]} 18. dxe5 {[%clk 0:16:27]} Bxc3 {[%clk 0:24:12]} 19. bxc3 {[%clk
0:16:43]} Rxc3+ {[%clk 0:24:22]} 20. Kb2 {[%clk 0:17:12]} Rc2+ {[%clk 0:24:38]}
21. Kb3 {[%clk 0:17:41]} Nd7 {[%clk 0:24:03]} 22. Bd3 {[%clk 0:15:19]} Bxd3
{[%clk 0:20:30]} 23. Rxd3 {[%clk 0:15:48]} Rc6 {[%clk 0:20:17]} 24. Rc3 {[%clk
0:12:25]} 1/2-1/2